Normal view
MARC view
Entry Personal Name
001 - CONTROL NUMBER
- control field: 68987
003 - CONTROL NUMBER IDENTIFIER
- control field: dpl
005 - DATE AND TIME OF LATEST TRANSACTION
- control field: 20240726160308.0
008 - FIXED-LENGTH DATA ELEMENTS
- fixed length control field: 240726|| aca||aabn | a|a d
040 ## - CATALOGING SOURCE
- Original cataloging agency: dpl
- Transcribing agency: dpl
100 ## - HEADING--PERSONAL NAME
- Personal name: मिश्र ,राजेन्द्र प्रसाद
670 ## - SOURCE DATA FOUND
- Source citation: Work cat.: (dpl)204555: राय, प्रतिभा 68985, प्रतिभा राय की श्रेष्ठ कहानियाँ /, 2022
